000
00303nam a22001337a 4500
008
250325b |||||||| |||| 00| 0 eng d
020
_a
0582907306
050
_a
PE1625
_b
.H37
100
_a
HARMER, Jeremy
245
_a
Coast to Coast
260
_a
London
_b
Longmann
_c
1987
300
_a
95p.
942
_c
BK
999
_c
2700
_d
2700